Methods of animal experimentation / (Record no. 161751)
[ view plain ]
| 000 -LEADER | |
|---|---|
| fixed length control field | 00739cam a22002531a 4500 |
| 001 - CONTROL NUMBER | |
| control field | 000425390 |
| 003 - CONTROL NUMBER IDENTIFIER | |
| control field | AM-YeHGA |
| 005 - DATE AND TIME OF LATEST TRANSACTION | |
| control field | 20250617133157.0 |
| 008 - FIXED-LENGTH DATA ELEMENTS--GENERAL INFORMATION | |
| fixed length control field | 711216m19659999nyua|||||b||||001|0|eng|d |
| 040 ## - CATALOGING SOURCE | |
| Original cataloging agency | AM-YeHGA |
| 041 0# - LANGUAGE CODE | |
| Language code of text/sound track or separate title | eng |
| 090 ## - LOCALLY ASSIGNED LC-TYPE CALL NUMBER (OCLC); LOCAL CALL NUMBER (RLIN) | |
| -- | 163157 |
| 245 00 - TITLE STATEMENT | |
| Title | Methods of animal experimentation / |
| Statement of responsibility, etc. | Ed. by William I. Gay. |
| 260 ## - PUBLICATION, DISTRIBUTION, ETC. | |
| Place of publication, distribution, etc. | New York : |
| Name of publisher, distributor, etc. | Academic Press. |
| 300 ## - PHYSICAL DESCRIPTION | |
| Extent | v. : |
| Other physical details | ill. |
| 504 ## - BIBLIOGRAPHY, ETC. NOTE | |
| Bibliography, etc. note | Includes bibliogr. references and index. |
| 505 1# - FORMATTED CONTENTS NOTE | |
| Miscellaneous information | Vol. 2 (1965; xv, 608 p. ) |
| -- | Vol. 3 (1968; xiv, 469 p.) |
| 650 #0 - SUBJECT ADDED ENTRY--TOPICAL TERM | |
| Topical term or geographic name entry element | Animal experimentation |
| 650 #0 - SUBJECT ADDED ENTRY--TOPICAL TERM | |
| Topical term or geographic name entry element | Medicine, Experimental |
| 650 #0 - SUBJECT ADDED ENTRY--TOPICAL TERM | |
| Topical term or geographic name entry element | Zoology, Experimental |
| 650 #2 - SUBJECT ADDED ENTRY--TOPICAL TERM | |
| Topical term or geographic name entry element | Animals, Laboratory |
| 650 #2 - SUBJECT ADDED ENTRY--TOPICAL TERM | |
| Topical term or geographic name entry element | Research |
| 700 1# - ADDED ENTRY--PERSONAL NAME | |
| Personal name | Gay, William I. |
| Relationship | edt |
| Withdrawn status | Lost status | Damaged status | Not for loan | Collection | Home library | Current library | Date acquired | Serial enumeration / chronology | Total checkouts | Full call number | Barcode | Date last seen | Price effective from | Koha item type | Public note |
|---|---|---|---|---|---|---|---|---|---|---|---|---|---|---|---|
| Gulbenkian Individual Collection | Fundamental Scientific Library | Fundamental Scientific Library | 28/12/2016 | Vol. 3 | Gulb/2834 | 901002834 | 28/12/2016 | 28/12/2016 | Գրքեր / Books | ILL Non-Circ. | |||||
| Gulbenkian Individual Collection | Fundamental Scientific Library | Fundamental Scientific Library | 28/12/2016 | Vol. 2 | Gulb/3278 | 901003278 | 28/12/2016 | 28/12/2016 | Գրքեր / Books | ILL Non-Circ. |
ՀՀ Գիտությունների ազգային ակադեմիայի հիմնարար գիտական գրադարան = Fundamental Scientific Library of NAS RA
All site content, except where otherwise noted, is licensed under a